[Event "RUS-chT U11"]
[Site "Sochi"]
[Date "2019.05.04"]
[Round "4.4"]
[White "Morozov, Nikolay"]
[Black "Kotelnikov, Matvei"]
[Result "1-0"]
[WhiteElo "1098"]
[BlackElo "1181"]
[PlyCount "120"]
[EventDate "2019.05.01"]
[EventType "team-tourn"]
[EventRounds "9"]
[EventCountry "RUS"]
[SourceTitle "EXT 2022"]
[Source "ChessBase"]
[SourceDate "2021.10.06"]
[SourceVersion "1"]
[SourceVersionDate "2021.10.06"]
[SourceQuality "1"]

1. e4 e5 2. Nf3 Nc6 3. Bc4 Bc5 4. c3 Nf6 5. d4 exd4 6. cxd4 Bb4+ 7. Bd2 Bxd2+ 8. Nbxd2 d5 9. exd5 Nxd5 10. Qb3 Nce7 11. 0-0 0-0 12. Rfe1 c6 13. Ne4 Qb6 14. Qc2 Bg4 15. Ne5 Bf5 16. Qd2 Rad8 17. Nc5 Nb4 18. Rac1 Ng6 19. a3 Nd5 20. b4 Qc7 21. b5 Nb6 22. Qb2 Nxc4 23. Nxc4 Nf4 24. Ne3 Bg6 25. g3 Nd5 26. Nxd5 Rxd5 27. bxc6 bxc6 28. Re5 Qd6 29. Rxd5 Qxd5 30. Qb7 Qxd4 31. Qxc6 Qb2 32. Nd7 Rd8 33. Qc8 Qxc1+ 34. Qxc1 f6 35. Qc7 Re8 36. Nc5 Bf5 37. Kg2 Rc8 38. Qxa7 h5 39. a4 Kh7 40. a5 Kh6 41. a6 g5 42. Qe7 h4 43. Ne6 h3+ 44. Kf1 Bg4 45. Nc7 Bf3 46. a7 Kg6 47. a8Q Bxa8 48. Nxa8 Rc1+ 49. Ke2 Rc2+ 50. Kd1 Rxf2 51. Qe4+ Kh6 52. Qh1 Rg2 53. Nc7 Ra2 54. Qc6 Kg6 55. Qe4+ Kh6 56. Qd4 Kg7 57. Ne8+ Kg8 58. Qd5+ Kf8 59. Qxa2 Kxe8 60. Qe6+ Kd8 1-0

[Event "RUS-chT U11"]
[Site "Sochi"]
[Date "2019.05.01"]
[Round "1.4"]
[White "Maltseva, Elizaveta"]
[Black "Morozov, Nikolay"]
[Result "1-0"]
[WhiteElo "1294"]
[BlackElo "1098"]
[PlyCount "75"]
[EventDate "2019.05.01"]
[EventType "team-tourn"]
[EventRounds "9"]
[EventCountry "RUS"]
[SourceTitle "EXT 2022"]
[Source "ChessBase"]
[SourceDate "2021.10.06"]
[SourceVersion "1"]
[SourceVersionDate "2021.10.06"]
[SourceQuality "1"]

1. d4 d5 2. Bf4 Nf6 3. e3 c5 4. c3 Nc6 5. Nd2 Bf5 6. Qb3 Qd7 7. Ngf3 e6 8. Bb5 c4 9. Qa4 Bd6 10. Bxd6 Qxd6 11. Ne5 0-0 12. Bxc6 bxc6 13. Qxc6 Qb8 14. b4 cxb3 15. Nxb3 Rc8 16. Qa6 Rxc3 17. 0-0 Ng4 18. Nxg4 Bxg4 19. Rfc1 Qc7 20. Nc5 Rxc1+ 21. Rxc1 Rc8 22. h3 Bf5 23. Nb3 Bc2 24. Na1 Qb8 25. Nxc2 Rxc2 26. Rxc2 Qb1+ 27. Kh2 Qxc2 28. Qxa7 h6 29. a4 Qxf2 30. a5 Qxe3 31. Qb8+ Kh7 32. a6 f5 33. a7 f4 34. Qb1+ g6 35. a8Q Qg3+ 36. Kh1 f3 37. Qbb7+ Qc7 38. Qxc7# 1-0